Countries with the Most Korean Speakers - Statistics

General Stats
  • This quiz has been taken 210 times
    67 since last reset
  • The average score is 11 of 14
Answer Stats
Korean Speakers Country % Correct
1,426,000 China
98%
626,000 Japan
98%
51,576,000 South Korea
98%
26,043,000 North Korea
97%
1,200,000 United States
95%
200,000 Canada
85%
102,092 Australia
79%
100,000 Russia
79%
90,000 Vietnam
79%
20,353 Thailand
74%
70,000 Germany
73%
34,148 Philippines
68%
70,000 Kazakhstan
31%
177,270 Uzbekistan
27%
No matching quizzes found
Score Distribution
Percent of People with Each Score
Percentile by Number Answered
Your Score History
You have not taken this quiz since the last reset